| 000 | 01351nam a22003254a 4500 | ||
|---|---|---|---|
| 001 | 527 | ||
| 003 | BR-RjBN | ||
| 005 | 20260528132239.0 | ||
| 008 | 100101s2010 sp j 000 f por d | ||
| 020 | _a9788585466848 | ||
| 040 |
_bpor _aBR-IBIA _cBR-IBIA _erda |
||
| 041 | 1 |
_apor _heng |
|
| 082 |
_a028.5 _bF263d |
||
| 100 | 1 | _aFaulkner, Keith. | |
| 240 | 1 | 0 | _aDracula : a spooky lift-the-flap book. |
| 245 | 1 | 0 |
_aDrácula : _bum livro abre e fecha / _cKeith Faulkner ; ilustrações de Jonathan Lambert ; tradução de José Amaro. |
| 260 |
_aSão Paulo : _bCompanhia das Letrinhas, _c2010. |
||
| 300 |
_a-- p. : _bil. color. ; _c21 cm. |
||
| 500 | _a2ª reimpressão. | ||
| 520 | _aLivro infantojuvenil interativo inspirado no clássico personagem Drácula. Por meio de abas móveis e ilustrações coloridas, a obra apresenta uma narrativa divertida e envolvente que estimula a imaginação e a participação do leitor. Com linguagem acessível, mistura suspense leve e humor em uma experiência lúdica voltada ao público infantil. | ||
| 650 | 0 |
_aLiteratura infantojuvenil. _91056 |
|
| 650 | 0 | _aLivros interativos. | |
| 650 | 0 |
_aVampiros. _9972 |
|
| 650 | 0 | _aSuspense infantil. | |
| 655 | 0 | _aLiteratura infantil. | |
| 655 | 0 |
_aFicção. _922 |
|
| 700 | 1 |
_aLambert, Jonathan, _eil. |
|
| 700 | 1 |
_aAmaro, José, _etrad. |
|
| 942 |
_2ddc _n0 _cBK |
||
| 999 |
_c527 _d527 |
||